Tecnología Educativa: (Registro nro. 8785)

Detalles MARC
000 -LEADER
fixed length control field 00996nam a2200205Ia 4500
005 - FECHA Y HORA DE LA ÚLTIMA TRANSACCIÓN
control field 20241213145423.0
008 - FIXED-LENGTH DATA ELEMENTS--GENERAL INFORMATION
fixed length control field 230725s9999 xx 000 0 und d
020 ## - INTERNATIONAL STANDARD BOOK NUMBER
International Standard Book Number 8449311357
040 ## - CATALOGING SOURCE
Original cataloging agency UPAN
Transcribing agency Biblioteca San Vicente
Description conventions RCAA2
041 ## - LANGUAGE CODE
Language code of text/sound track or separate title spa
082 ## - DEWEY DECIMAL CLASSIFICATION NUMBER
Classification number 371.394
Item number C234t
año de publicación 2001
100 ## - MAIN ENTRY--PERSONAL NAME
Personal name Cabero, Julio
Relator code aut.
245 #0 - TITLE STATEMENT
Title Tecnología Educativa:
Remainder of title Diseño y utilización de medios en la enseñanza/
Statement of responsibility, etc Julio Cabero
260 ## - PUBLICATION, DISTRIBUTION, ETC. (IMPRINT)
Place of publication, distribution, etc Buenos Aires:
Name of publisher, distributor, etc SAICF,
Date of publication, distribution, etc 2001
300 ## - PHYSICAL DESCRIPTION
Extent 539 p.;
Dimensions 24 cm.
505 ## - FORMATTED CONTENTS NOTE
Formatted contents note 1. Introducción: Aspectos conceptuales previos <br/>2. Tecnología educativa: Evolución histórica y conceptualización<br/>3. Fuentes de fundamentación de la tecnología educativa<br/>4. Diseño y producción de medios: medios , materiales didácticos y nuevas tecnologías como elementos de concreción de la tecnología educativa <br/>5. Evaluación e investigación sobre los medios de enseñanza<br/>
650 ## - SUBJECT ADDED ENTRY--TOPICAL TERM
Source of heading or term LEMB
General subdivision Educación
650 ## - SUBJECT ADDED ENTRY--TOPICAL TERM
Source of heading or term LEMB
General subdivision Tecnología
942 ## - ADDED ENTRY ELEMENTS (KOHA)
Koha item type Libros
Source of classification or shelving scheme Dewey Decimal Classification
Existencias
Withdrawn status Lost status Source of classification or shelving scheme Damaged status Not for loan Collection code Home library Current library Date acquired Total Checkouts Full call number Barcode Date last seen Copy number Price effective from Koha item type
    Dewey Decimal Classification     Colección General Biblioteca UPAN San Vicente Biblioteca UPAN San Vicente 25/07/2023   371.394 C234t 12001358 25/07/2023 01 25/07/2023 Libros
    Dewey Decimal Classification     Colección General Biblioteca UPAN San Vicente Biblioteca UPAN San Vicente 31/07/2023   371.394 C234t 12001357 31/07/2023 02 31/07/2023 Libros